Loading...

Theum Poovum tr D V Krishnan /

Bibliographic Details
Main Author: Kishan Chandar
Language:Undetermined
LEADER 00362nam a2200109Ia 4500
001 50869
008 170722s9999 xx 000 0 und d
100 |a Kishan Chandar 
245 |a Theum Poovum tr D V Krishnan / 
942 |c GEN 
999 |c 41949  |d 41949 
952 |0 0  |1 0  |4 0  |6 O_15231N14X_32J11_KR  |7 0  |9 57133  |a LIB  |b LIB  |d 2017-08-12  |o O152,31N14x 32J11 (KR)  |p 42141  |r 2017-08-12  |w 2017-08-12  |y GEN